000 00663nam a2200217 i 4500
001 102208
003 ES-MaACL
005 20230906183049.0
007 t|
008 051107s1968 sp ||||1| spa d
100 1 _aMendras, Henri.
_980272
245 1 0 _aElementos de sociología /
_cHenri Mendras; [traducido del francés por Juan A. Méndez].
250 _a[1ª ed.].
260 _aBarcelona :
_bCentro de Cultura,
_c1968.
300 _a294 p ;
_c21 cm.
490 1 _aPapeles sociales ;
_v15
700 1 _aMéndez, Juan Antonio.
_980123
830 0 _aPapeles sociales ;
_v15
_9193524
852 _aES-MaACL
_jC-30307
_bR.67448
999 _c102208
_d102208